000 00384 a2200169 4500
001 12182
020 _a9788560806140
040 _cAnchieta - Aquarius
100 _aMachado, Ana Maria
240 1 0 _aRaul da ferrugem azul
_lpor
245 1 0 _aRaul da ferrugem azul
300 _a64
362 0 _a2009
440 1 _aSalamandra
650 4 _aLiteratura infanto-juvenil
942 _cBK
999 _c12182
_d12182